Statistics for All County Seats in Alabama

Click here to take the quiz!

General Stats

  • This quiz has been taken 4 times
  • The average score is 20 of 69

Answer Stats

CountyCounty Seat% Correct
MobileMobile
100%
MontgomeryMontgomery
100%
TuscaloosaTuscaloosa
100%
JeffersonBirmingham
75%
MadisonHuntsville
75%
ChoctawButler
50%
CullmanCullman
50%
HoustonDothan
50%
FayetteFayette
50%
GenevaGeneva
50%
PerryMarion
50%
MonroeMonroeville
50%
DallasSelma
50%
TalladegaTalladega
50%
HenryAbbeville
25%
CovingtonAndalusia
25%
CalhounAnniston
25%
ClayAshland
25%
LimestoneAthens
25%
BaldwinBay Minette
25%
EscambiaBrewton
25%
CherokeeCentre
25%
BibbCentreville
25%
WashingtonChatom
25%
ChiltonClanton
25%
BarbourClayton
25%
MorganDecatur
25%
WinstonDouble Springs
25%
CoffeeEnterprise
25%
GreeneEutaw
25%
LauderdaleFlorence
25%
DeKalbFort Payne
25%
EtowahGadsden
25%
HaleGreensboro
25%
ButlerGreenville
25%
ClarkeGrove Hill
25%
MarshallGuntersville
25%
MarionHamilton
25%
LowndesHayneville
25%
CleburneHeflin
25%
WalkerJasper
25%
ChambersLaFayette
25%
SumterLivingston
25%
LawrenceMoulton
25%
BlountOneonta
25%
LeeOpelika
25%
DaleOzark
25%
St. ClairPell City
25%
RussellPhenix City
25%
AutaugaPrattville
25%
CoosaRockford
25%
FranklinRussellville
25%
ColbertTuscumbia
25%
MaconTuskegee
25%
BullockUnion Springs
25%
LamarVernon
25%
RandolphWedowee
25%
St. ClairAshville
0%
WilcoxCamden
0%
PickensCarrolltown
0%
ShelbyColumbiana
0%
TallapoosaDadeville
0%
CoffeeElba
0%
ConecuhEvergreen
0%
MarengoLindon
0%
CrenshawLuverne
0%
JacksonScottsboro
0%
PikeTroy
0%
ElmoreWetumpka
0%

Score Distribution

Percentile by Number Answered

Percent of People with Each Score

Your Score History

You have not taken this quiz